| 000 | 03705nam a22004935i 4500 | ||
|---|---|---|---|
| 001 | 978-3-031-26090-2 | ||
| 003 | DE-He213 | ||
| 005 | 20250131142742.0 | ||
| 007 | cr nn 008mamaa | ||
| 008 | 230420s2023 sz | s |||| 0|eng d | ||
| 020 |
_a9783031260902 _9978-3-031-26090-2 |
||
| 024 | 7 |
_a10.1007/978-3-031-26090-2 _2doi |
|
| 040 |
_aKO _beng |
||
| 041 | 0 | _aeng | |
| 082 | 0 | 4 |
_a658.7 _223 |
| 100 | 1 |
_aLun, Y. H. Venus. _eauthor. _0(orcid)0000-0002-6412-7620 _1https://orcid.org/0000-0002-6412-7620 _4aut _4http://id.loc.gov/vocabulary/relators/aut |
|
| 245 | 1 | 0 |
_aShipping and Logistics Management _h[electronic resource] / _cby Y. H. Venus Lun, Kee-hung Lai, T. C. Edwin Cheng, Dong Yang. |
| 250 | _a2nd ed. 2023. | ||
| 264 | 1 |
_aCham : _bSpringer International Publishing : _bImprint: Springer, _c2023. |
|
| 300 |
_aXVII, 320 p. 54 illus., 13 illus. in color. _bonline resource. |
||
| 338 | _aonline resource | ||
| 505 | 0 | _aPart I: Principles of shipping -- International trade and shipping -- Freight rate mechanism -- Bulk shipping market -- Container shipping market -- Part II: Shipping business -- Business strategy in shipping -- Growth of firms -- Fleet mix decision -- Liner shipping network -- Part III: Intermodal container transport -- Container transport chain -- Intermodal transport system -- Managing empty containers -- Container transport security -- Part IV: Port management -- Port operations -- Managing container terminals -- Agile port -- Port development -- Part V: Emerging issues in shipping -- Sustainability in shipping -- Shipping risk -- Security and safety -- Technological applications. | |
| 520 | _aThis book explains global trends and strategies in the shipping business, looking at the role of logistics service providers and at how information technology can help shipping operations. It also introduces best practices and advice that will allow professionals to improve the management of shipping and logistics activities. The book consists of sections examining shipping and trade, business strategies for shipping, intermodal container transport operations, and ports. This new edition adds a new fifth section with four new chapters that discusses contemporary issues in shipping. The new chapters are related to risk management in shipping, shipping security and safety, environmental and social sustainability, and a review of new technologies in the shipping industry and their future potential. An invaluable source of information for researchers and advanced, or graduate, students, Shipping and Logistics Management is also a useful reference for shipping practitioners and consultants. | ||
| 650 | 0 | _aBusiness logistics. | |
| 650 | 0 | _aShipping. | |
| 650 | 0 | _aIndustrial engineering. | |
| 650 | 0 | _aProduction engineering. | |
| 650 | 0 | _aProduction management. | |
| 650 | 0 | _aIndustrial Management. | |
| 650 | 1 | 4 | _aLogistics. |
| 650 | 2 | 4 | _aMaritime Economics. |
| 650 | 2 | 4 | _aIndustrial and Production Engineering. |
| 650 | 2 | 4 | _aOperations Management. |
| 650 | 2 | 4 | _aIndustrial Management. |
| 650 | 2 | 4 | _aSupply Chain Management. |
| 700 | 1 |
_aLai, Kee-hung. _eauthor. _0(orcid)0000-0001-9296-0882 _1https://orcid.org/0000-0001-9296-0882 _4aut _4http://id.loc.gov/vocabulary/relators/aut |
|
| 700 | 1 |
_aCheng, T. C. Edwin. _eauthor. _0(orcid)0000-0001-5127-6419 _1https://orcid.org/0000-0001-5127-6419 _4aut _4http://id.loc.gov/vocabulary/relators/aut |
|
| 700 | 1 |
_aYang, Dong. _eauthor. _0(orcid)0000-0002-9239-0899 _1https://orcid.org/0000-0002-9239-0899 _4aut _4http://id.loc.gov/vocabulary/relators/aut |
|
| 856 | 4 | 0 | _uhttps://doi.org/10.1007/978-3-031-26090-2 |
| 904 | _aRUDRA_R | ||
| 905 | _aR_RANJAN | ||
| 942 |
_2ddc _cEB |
||
| 999 |
_c3254 _d3254 |
||